Music Quiz

Random Music or Singers Quiz
Score 0/20 Timer 07:00
0 Plays Today
Song Artist % Correct
Don't Stop Believin'Journey
94.2%
Dancing in the DarkBruce Springsteen
93.9%
Down UnderMen at Work
90.2%
Do You Really Want to Hurt MeCulture Club
89.9%
Don't Stand So Close to MeThe Police
89.3%
Dancing on the CeilingLionel Richie
85%
Danger ZoneKenny Loggins
82.2%
Don't You (Forget About Me)Simple Minds
81.3%
Don't Worry Be HappyBobby McFerrin
78.5%
DriveThe Cars
77.9%
Song Artist % Correct
Don't You Want MeThe Human League
75.5%
DesireU2
72.4%
Devil InsideINXS
71.5%
Didn't We Almost Have It AllWhitney Houston
70.2%
Dirty LaundryDon Henley
62.6%
Dress You UpMadonna
60.1%
Don't Do Me Like ThatTom Petty
58.3%
Do That to Me One More TimeCaptain & Tennille
42%
Drivin' My Life AwayEddie Rabbitt
42%
Doing It All for My BabyHuey Lewis and the News
41.4%
Remove Ads.
Support Sporcle.
Get the best of Sporcle when you Go Orange. This ad-free experience offers more features, more stats, and more fun while also helping to support Sporcle. Thank you for becoming a member.

You're not logged in!

Compare scores with friends on all Sporcle quizzes.
OR
Log In

Show Comments

Extras

Top Quizzes Today


Score Distribution

Your Account Isn't Verified!

In order to create a playlist on Sporcle, you need to verify the email address you used during registration. Go to your Sporcle Settings to finish the process.

Report this User

Report this user for behavior that violates our Community Guidelines.

Details: